| 000 | 01264nam a2200445 4500 | ||
|---|---|---|---|
| 001 | |||
| 003 | DO-SdBNP | ||
| 005 | 20171127102222.0 | ||
| 008 | 110224c2017 dr 0 0spa | ||
| 010 | _a | ||
| 022 | _y | ||
| 035 | _a | ||
| 040 |
_a DO-SdBNP _c DO-SdBNP _d _bspa |
||
| 042 | _a | ||
| 043 |
_a _a |
||
| 050 | 0 | 0 |
_a _b |
| 082 |
_a342.0269 _bR426a |
||
| 100 |
_aRepública Dominicana _bTribunal Constitucional |
||
| 130 | 0 | _aAnuario (Universidad de la Habana. Cátedra Juan Bosch) | |
| 210 |
_8 _b |
||
| 245 | 1 | 0 | _aAnuario 2016 |
| 260 |
_aSanto Domingo : _bTribunal Constitucional, _a _b _c2017 |
||
| 300 |
_a436 p.; _b _c26 cm. |
||
| 310 | _aAnnual | ||
| 362 | 1 | _a | |
| 500 | _aAño del 50 aniversario de la Consitucionazación del himno nacional | ||
| 588 | _aDescription based on: No. 1, published in 2008?; title from title page. | ||
| 600 | 1 | 0 |
_a _d _v |
| 650 |
_aTribunales constitucionales _zRepública Dominicana. |
||
| 651 | 0 |
_aRepública Dominicana _v _xConstitucion, 1965. |
|
| 651 | 0 |
_a _v |
|
| 710 | 2 |
_a _b |
|
| 710 | 2 | _a | |
| 906 |
_a _b _c _d _e _f _g |
||
| 942 |
_2ddc _cBK |
||
| 945 | _aInventariado / 2017 VM | ||
| 956 |
_aVMATEO _b10 _c20171127 _dBPMSU |
||
| 999 |
_c13108 _d13108 |
||